[Event "Saarland-ch Seniors 26th"]
[Site "Germany"]
[Date "2007.04.02"]
[Round "4"]
[White "Bauer, Werner"]
[Black "Becking, Alfred"]
[Result "0-1"]
[WhiteElo "1822"]
[BlackElo "1996"]
[PlyCount "58"]
[EventDate "2007.03.30"]
[EventType "swiss"]
[EventRounds "9"]
[EventCountry "GER"]
[SourceTitle "EXT 2008"]
[Source "ChessBase"]
[SourceDate "2007.11.25"]
[SourceVersion "1"]
[SourceVersionDate "2007.11.25"]
[SourceQuality "1"]

1. e4 c5 2. c3 d5 3. exd5 Qxd5 4. d4 Nc6 5. Nf3 Bg4 6. Be2 e6 7. Be3 cxd4 8. cxd4 Nf6 9. Nc3 Qa5 10. 0-0 Be7 11. a3 a6 12. b4 Qc7 13. Rc1 0-0 14. b5 axb5 15. Nxb5 Qa5 16. Qd3 Rfd8 17. Qb3 Nd5 18. h3 Bh5 19. Ra1 Bf6 20. Rfe1 Qb6 21. Rab1 Rd7 22. Ne5 Bxe5 23. Bxh5 Bf6 24. Qd3 Qd8 25. Rbd1 Nc7 26. Nxc7 Qxc7 27. Qe4 Rad8 28. Bf4 Qa5 29. Bd2 Qxh5 0-1

[Event "Saarland-ch Seniors 26th"]
[Site "Germany"]
[Date "2007.03.30"]
[Round "1"]
[White "Becking, Alfred"]
[Black "Sendelbach, Bruno"]
[Result "1-0"]
[WhiteElo "1996"]
[BlackElo "1696"]
[PlyCount "61"]
[EventDate "2007.03.30"]
[EventType "swiss"]
[EventRounds "9"]
[EventCountry "GER"]
[SourceTitle "EXT 2008"]
[Source "ChessBase"]
[SourceDate "2007.11.25"]
[SourceVersion "1"]
[SourceVersionDate "2007.11.25"]
[SourceQuality "1"]

1. d4 Nf6 2. c4 d5 3. cxd5 Nxd5 4. e4 Nf6 5. Nc3 e6 6. Nf3 c6 7. Bd3 h6 8. 0-0 Nbd7 9. Re1 Be7 10. Bc2 Qc7 11. h3 a6 12. Be3 b5 13. Rc1 Bb7 14. e5 Nd5 15. Nxd5 cxd5 16. Nh2 Qd8 17. Qg4 Kf8 18. f4 h5 19. Qf3 f5 20. exf6 Nxf6 21. f5 exf5 22. Bxf5 Bc8 23. Bg6 Be6 24. Bf4 Bf7 25. Bc7 Qe8 26. Bd6 Ne4 27. Bxe4 Bxd6 28. Bxd5 Bxh2+ 29. Kh1 Qd7 30. Bxa8 Bb8 31. Bd5 1-0

[Event "Saarland-ch Seniors 23rd"]
[Site "Saarlouis"]
[Date "2004.04.10"]
[Round "9"]
[White "Becking, Alfred"]
[Black "Moeckel, Edgar"]
[Result "1/2-1/2"]
[WhiteElo "2069"]
[BlackElo "1986"]
[PlyCount "74"]
[EventDate "2004.04.02"]
[EventType "swiss"]
[EventRounds "9"]
[EventCountry "GER"]
[SourceTitle "CBM 099 Extra"]
[Source "ChessBase"]
[SourceDate "2004.05.04"]
[SourceVersion "1"]
[SourceVersionDate "2004.05.04"]
[SourceQuality "1"]

1. d4 d5 2. Nf3 Nf6 3. c4 c6 4. Nc3 e6 5. e3 Nbd7 6. Bd3 dxc4 7. Bxc4 b5 8. Bd3 a6 9. e4 c5 10. d5 e5 11. 0-0 Bd6 12. b3 Nb6 13. Bb2 0-0 14. Nd2 Re8 15. a4 b4 16. Ne2 a5 17. Rc1 Nfd7 18. Ng3 g6 19. Qe1 Ba6 20. Bxa6 Rxa6 21. Qe3 Bf8 22. Qd3 Ra8 23. Ne2 Nc8 24. f4 Nd6 25. Nc4 Nxc4 26. Qxc4 Bd6 27. f5 g5 28. Qd3 f6 29. h4 gxh4 30. Kf2 Re7 31. Rh1 Rg7 32. Rxh4 Kf7 33. Rch1 Qg8 34. Qg3 Nf8 35. Bc1 Ke7 36. Bh6 Rf7 37. Bxf8+ Raxf8 1/2-1/2

[Event "GER-chT Seniors 10th"]
[Site "Rheda Wiedenbrueck"]
[Date "2001.08.17"]
[Round "6.1"]
[White "Funk, Paul"]
[Black "Becking, Alfred"]
[Result "1-0"]
[WhiteElo "2084"]
[BlackElo "2070"]
[PlyCount "113"]
[EventDate "2001.08.12"]
[EventType "team"]
[EventRounds "7"]
[EventCountry "GER"]
[SourceTitle "EXT 2002"]
[Source "ChessBase"]
[SourceDate "2001.11.25"]
[SourceVersion "1"]
[SourceVersionDate "2001.11.25"]
[SourceQuality "1"]
[WhiteTeam "Baden Seniors II"]
[BlackTeam "Saarland Seniors"]
[WhiteTeamCountry "GER"]
[BlackTeamCountry "GER"]

1. d4 Nf6 2. Nf3 e6 3. g3 b6 4. Bg2 Bb7 5. 0-0 Be7 6. c4 d6 7. Nc3 Ne4 8. Bd2 Nd7 9. Qc2 Nxd2 10. Qxd2 0-0 11. Rac1 Rb8 12. Rfd1 f5 13. Qe3 Rf6 14. Ng5 Nf8 15. Bxb7 Rxb7 16. f4 Rg6 17. Nf3 h5 18. Kf2 h4 19. Rg1 c6 20. Qd3 Rh6 21. d5 hxg3+ 22. hxg3 Qc8 23. e4 fxe4 24. Nxe4 exd5 25. cxd5 c5 26. Rh1 Rxh1 27. Rxh1 Qf5 28. Nxc5 Qxd3 29. Nxd3 Rc7 30. Re1 Rc2+ 31. Re2 Rxe2+ 32. Kxe2 Nd7 33. Nd4 a5 34. Nb5 Nf6 35. Nc3 Kf7 36. a4 Nd7 37. Ne4 Nf6 38. Nxf6 Bxf6 39. Ke3 g5 40. f5 Bg7 41. g4 Ke7 42. b3 Ba1 43. Ne1 Bb2 44. Kd3 Bc1 45. Kc4 Be3 46. Kb5 Kd7 47. Nf3 Kc7 48. f6 Kd7 49. f7 Ke7 50. Kc6 Kxf7 51. Kxd6 Bf4+ 52. Kc6 Ke7 53. Nd4 Bd2 54. Nf5+ Kd8 55. Kxb6 Kd7 56. Ng3 Be3+ 57. Kxa5 1-0

[Event "GER-chT Seniors 10th"]
[Site "Rheda Wiedenbrueck"]
[Date "2001.08.16"]
[Round "5.1"]
[White "Becking, Alfred"]
[Black "Potthammel, Joerg"]
[Result "1-0"]
[WhiteElo "2070"]
[BlackElo "2067"]
[PlyCount "59"]
[EventDate "2001.08.12"]
[EventType "team"]
[EventRounds "7"]
[EventCountry "GER"]
[SourceTitle "EXT 2002"]
[Source "ChessBase"]
[SourceDate "2001.11.25"]
[SourceVersion "1"]
[SourceVersionDate "2001.11.25"]
[SourceQuality "1"]
[WhiteTeam "Saarland Seniors"]
[BlackTeam "Mecklenburg Vorpommern Seniors"]
[WhiteTeamCountry "GER"]
[BlackTeamCountry "GER"]

1. d4 Nf6 2. c4 c5 3. e3 e6 4. Nc3 d5 5. Nf3 Nc6 6. Be2 a6 7. Ne5 Nxe5 8. dxe5 Nd7 9. cxd5 Nxe5 10. e4 Be7 11. f4 Ng6 12. dxe6 Qxd1+ 13. Bxd1 fxe6 14. a4 Bd7 15. 0-0 0-0-0 16. Be2 Rhf8 17. Be3 b6 18. Bxa6+ Kc7 19. Bc4 Rfe8 20. a5 bxa5 21. Rxa5 Ra8 22. Rfa1 Rxa5 23. Rxa5 Rb8 24. b3 Bc8 25. g3 Kc6 26. e5 Nf8 27. Ne4 Nd7 28. Bxe6 Rb4 29. Bxd7+ Bxd7 30. Bxc5 1-0

[Event "Heusweiler op"]
[Site "Heusweiler"]
[Date "2001.04.11"]
[Round "6"]
[White "Pook, Rainer"]
[Black "Becking, Alfred"]
[Result "0-1"]
[WhiteElo "1860"]
[BlackElo "2072"]
[PlyCount "125"]
[EventDate "2001.04.03"]
[EventType "swiss"]
[EventRounds "9"]
[EventCountry "GER"]
[SourceTitle "EXT 2008"]
[Source "ChessBase"]
[SourceDate "2007.11.25"]
[SourceVersion "1"]
[SourceVersionDate "2007.11.25"]
[SourceQuality "1"]

1. d4 Nf6 2. Nc3 d5 3. e4 Nxe4 4. Nxe4 dxe4 5. c3 c6 6. Bc4 e6 7. Bf4 Nd7 8. Ne2 Be7 9. Ng3 Nf6 10. Qe2 b5 11. Bb3 Bb7 12. Rd1 Qc8 13. Be5 e3 14. fxe3 0-0 15. 0-0 Nd7 16. Qg4 Nxe5 17. dxe5 Qc7 18. Nh5 g6 19. Nf6+ Bxf6 20. exf6 Qe5 21. Rd7 Rab8 22. h4 Qxe3+ 23. Kh1 h5 24. Qg5 Qxg5 25. hxg5 c5 26. Rfd1 Be4 27. Bxe6 Rb7 28. Rxb7 Bxb7 29. Rd7 Bc8 30. Bxf7+ Rxf7 31. Rd8+ Rf8 32. Rd5 a6 33. Rxc5 Kf7 34. Rc6 Rd8 35. Kg1 a5 36. Kf2 Be6 37. Ke3 Rd5 38. Rc7+ Kf8 39. Ra7 Rxg5 40. Rxa5 Kf7 41. a4 Bc4 42. Kd4 Kxf6 43. axb5 Rxb5 44. Ra6+ Be6 45. b4 h4 46. Ra1 Rg5 47. Rf1+ Ke7 48. Rf2 Bd5 49. Rf4 Bxg2 50. Rxh4 Bf3 51. Rh7+ Kd6 52. Ra7 Rg4+ 53. Ke3 Bd5 54. Ra6+ Ke5 55. b5 Rg3+ 56. Kd2 g5 57. Ra4 Rg2+ 58. Kd3 g4 59. c4 Be4+ 60. Ke3 Rg3+ 61. Kf2 Rf3+ 62. Kg1 Rb3 63. Ra8 0-1

[Event "Heusweiler op"]
[Site "Heusweiler"]
[Date "2001.04.08"]
[Round "3"]
[White "Becking, Alfred"]
[Black "Hahner, Anton"]
[Result "1-0"]
[WhiteElo "2072"]
[BlackElo "1736"]
[PlyCount "27"]
[EventDate "2001.04.03"]
[EventType "swiss"]
[EventRounds "9"]
[EventCountry "GER"]
[SourceTitle "EXT 2008"]
[Source "ChessBase"]
[SourceDate "2007.11.25"]
[SourceVersion "1"]
[SourceVersionDate "2007.11.25"]
[SourceQuality "1"]

1. d4 Nf6 2. c4 g6 3. Nc3 Bg7 4. e4 d6 5. Be2 0-0 6. Bg5 Nbd7 7. Qd2 c5 8. d5 Qa5 9. Nf3 Re8 10. 0-0 Ng4 11. Nb5 Qb6 12. a4 a6 13. a5 Qd8 14. Nxd6 1-0